000 00599nam a2200229Ia 4500
008 160803s9999 xx 000 0 und d
020 _a9780590446471
100 _aBourgeois, Paulette
245 _aFranklin Fibs /
245 _cwritten by Paulette Bourgeois ; illustrated by Brenda Clark.
260 _aNew York :
260 _bScholastic Inc.
260 _c1991
300 _a1 volume (unpaged) :
300 _bcolor illustrations ;
300 _c23 cm
650 _aHonesty --
650 _aTurtles --
650 _xFiction.
650 _xJuvenile fiction.
700 _a440
999 _c298940
_d298940